000 00523nam a22001937a 4500
003 MPLRDC
005 20220104113752.0
008 210129b ||||| |||| 00| 0 eng d
020 _a7-5065-1339-0
082 _a886.159 SLM v.3
100 _a马哈茂德. 萨利姆
245 _a杀手之谜. 希拉国王的宝库
_c残玉译
250 _a一版一刷
260 _a
_b解放军出版社
_c1990
300 _b
490 _a十三少年历险记. 3
650 _a非洲各国文学
942 _cBK
_o886.159 SLM v.3
999 _c2212
_d2202